Welcome to the Holygrace Academy Library

Please use search bar below to get started

FOOD AND NUTRITION (Record no. 5878)

MARC details
000 -LEADER
fixed length control field 00435nam a22001337a 4500
082 ## - DEWEY DECIMAL CLASSIFICATION NUMBER
Classification number 612.3
Item number SWA/H
100 ## - MAIN ENTRY--AUTHOR NAME
Personal name SWAMINATHAN, M
245 ## - TITLE STATEMENT
Title FOOD AND NUTRITION
260 ## - PUBLICATION, DISTRIBUTION, ETC. (IMPRINT)
Place of publication BANGALORE
Name of publisher THE BANGALORE PRINTING & PUBLISHING CO
Year of publication 2014
300 ## - PHYSICAL DESCRIPTION
Number of Pages 372
520 ## - SUMMARY, ETC.
Summary, etc THE BOOK COVERS NORMAL AND THERAPEUTIC AND PUBLIC HEALTH ASPECTS OF NUTRITION, FOOD ADULTERATION, FOOD PROCESSING ETC
650 ## - SUBJECT ADDED ENTRY--TOPICAL TERM
Topical Term FOOD AND NUTRITION
Geographic subdivision INDIA
942 ## - ADDED ENTRY ELEMENTS (KOHA)
Koha item type Books
Holdings
Withdrawn status Lost status Collection code Home library Current library Shelving location Date acquired Source of acquisition Cost, normal purchase price Full call number Accession Number Koha item type
    Reference Main Library Main Library SHELF 15G- FASHION,COOKING 24/09/2018 purchase 360.00 612.3 SWA/H 10254 Books
    Reference Main Library Main Library SHELF 15G- FASHION,COOKING 02/10/2006 purchase 220.00 612.3 SWA/H 02521 Books